| 000 | 00753nam a2200241 i 4500 | ||
|---|---|---|---|
| 001 | 93745 | ||
| 003 | ES-MaACL | ||
| 005 | 20260525062929.0 | ||
| 007 | t| | ||
| 008 | 050419s1951 ag a |||| | spa d | ||
| 080 | _a159.964.2 | ||
| 100 | 1 |
_aLópez Ibor, Juan José, _d1906-1991 _973703 |
|
| 245 | 1 | 3 |
_aLa agonía del psicoanálisis / _cJuan José López Ibor. |
| 250 | _aEd. especialmente autorizada por el autor. | ||
| 260 |
_a[Buenos Aires] : _bEspasa-Calpe, _c1951. |
||
| 300 |
_a162 p. : _bil. ; _c18 cm. |
||
| 490 | 1 |
_aColección austral ; _v1034 |
|
| 504 | _aBibliografía: p. [157]-162. | ||
| 650 | 0 | 4 |
_aPsicoanálisis. _916530 |
| 830 | 0 |
_aColección austral _v1034 _9177655 |
|
| 852 |
_aES-MaACL _jD-6077 |
||
| 999 |
_c93745 _d93745 |
||